Rap God Lyrics - Statistiques

Statistiques générales
  • Ce quiz a été pris 94 fois
    88 depuis la dernière actualisation
  • Le résultat moyen est 660 sur 1564
Statistiques - réponses
Paroles % Correct
I
97%
's
94%
D
91%
go
91%
a
89%
you
83%
You
83%
Rap
80%
rap
80%
to
80%
To
80%
God
78%
god
78%
the
77%
The
77%
be
74%
do
74%
in
74%
'ma
72%
I'm
71%
no
71%
feel
68%
Feel
68%
it
68%
It
68%
like
68%
Like
68%
my
66%
My
66%
so
66%
So
66%
what
66%
What
66%
he
65%
me
65%
Me
65%
got
63%
Got
63%
when
63%
When
63%
we
58%
We
58%
an
57%
can
57%
on
55%
who
55%
that
54%
That
54%
All
52%
all
52%
as
52%
back
52%
Back
52%
J
52%
then
52%
people
51%
And
49%
and
49%
music
49%
fuck
48%
get
48%
Get
48%
is
48%
're
48%
Re
48%
are
46%
But
46%
but
46%
not
46%
They
46%
they
46%
your
46%
Ever
45%
ever
45%
of
45%
Of
45%
say
45%
beginnin'
43%
gonna
43%
make
43%
Make
43%
've
43%
don't
42%
Don"t
42%
Don't
42%
have
42%
kill
42%
for
40%
For
40%
Just
40%
just
40%
know
40%
one
40%
was
40%
am
38%
feelin'
38%
from
38%
Look
38%
some
38%
this
38%
This
38%
too
38%
at
37%
day
37%
'll
37%
ll
37%
Why
37%
elevator
35%
feeling
35%
Made
35%
made
35%
any
34%
If
34%
if
34%
off
34%
Off
34%
gotta
32%
her
32%
king
32%
never
32%
Never
32%
think
32%
Think
32%
time
32%
Cause
31%
'Cause
31%
cause
31%
'cause
31%
chance
31%
easy
31%
front
31%
going
31%
How
31%
how
31%
human
31%
laptop
31%
superhuman
31%
motherfuckin'
29%
oh
29%
Oh
29%
only
29%
Only
29%
pocket
29%
speed
29%
up
29%
with
29%
With
29%
boy
28%
call
28%
could
28%
'em
28%
every
28%
genes
28%
hell
28%
Hell
28%
mainstream
28%
must
28%
nod
28%
something
28%
supersonic
28%
through
28%
Way
28%
way
28%
wrong
28%
fell
26%
hey
26%
Hey
26%
his
26%
hurt
26%
bananas
25%
big
25%
feelings
25%
hip-hop
25%
Now
25%
now
25%
pen
25%
than
25%
trouble
25%
wanna
25%
want
25%
were
25%
about
23%
computer
23%
elevating
23%
same
23%
slap
23%
their
23%
yeah
23%
Ac'
22%
assumin'
22%
break
22%
comin'
22%
give
22%
into
22%
Into
22%
means
22%
Monica
22%
robot
22%
come
20%
Did
20%
honest
20%
ironic
20%
Lewinsky
20%
Lyrics
20%
more
20%
pop
20%
shit
20%
take
20%
taken
20%
taking
20%
them
20%
Thor
20%
ya
20%
anything
18%
arm
18%
bad
18%
Bill
18%
box
18%
Bus
18%
chances
18%
Clinton
18%
enough
18%
fuckin'
18%
happen
18%
Innovative
18%
let
18%
Let
18%
MC
18%
mine
18%
next
18%
Odin
18%
over
18%
ricochetin'
18%
rubber
18%
school
18%
still
18%
tell
18%
1
17%
Doc
17%
Fame
17%
fame
17%
half
17%
long
17%
Rap-Bot
17%
should
17%
since
17%
Slim
17%
table
17%
thinks
17%
Well
17%
while
17%
While
17%
Asgard
15%
Everybody
15%
exact
15%
Fab
15%
face
15%
fat
15%
forever
15%
gay
15%
good
15%
here
15%
Little
15%
little
15%
lookin'
15%
office
15%
really
15%
said
15%
show
15%
straight
15%
there
15%
use
15%
women
15%
after
14%
arms
14%
audience
14%
blow
14%
dead
14%
demonstrating
14%
everything
14%
fact
14%
F-bombs
14%
glue
14%
hard
14%
Ill
14%
livin'
14%
man
14%
Man
14%
new
14%
nutsack
14%
radio
14%
Ray
14%
these
14%
try
14%
very
14%
waiting
14%
yourself
14%
Yourself
14%
able
12%
acrobat
12%
ain't
12%
capable
12%
celebrating
12%
Dre
12%
drop
12%
fucking
12%
haters
12%
head
12%
killin'
12%
knot
12%
Krypton
12%
levitating
12%
life
12%
Lose
12%
lose
12%
lyrical
12%
nothin'
12%
period
12%
rhyme
12%
Rock
12%
rock
12%
station
12%
talkin'
12%
under
12%
walk
12%
went
12%
alcohol
11%
Backpack
11%
being
11%
church
11%
confuse
11%
doctor
11%
fading
11%
fag
11%
flames
11%
found
11%
game
11%
half-cock
11%
Hall
11%
havin'
11%
hungry
11%
immortal
11%
keep
11%
key
11%
loves
11%
masterpiece
11%
may
11%
mom
11%
myself
11%
NASCAR
11%
normal
11%
nothing
11%
omnipotent
11%
once
11%
pat
11%
position
11%
profit
11%
rude
11%
See
11%
shoot
11%
signed
11%
songs
11%
students
11%
summa-lumma
11%
Syllables
11%
though
11%
virgins
11%
words
11%
wrath
11%
Aftermath
9%
asked
9%
attack
9%
attempt
9%
cake
9%
constructing
9%
couple
9%
crack
9%
crap
9%
disastrously
9%
drunk
9%
fuse
9%
grow
9%
hella
9%
Hit
9%
immortality
9%
indecent
9%
junkie
9%
Lakim
9%
MAC
9%
many
9%
masterfully
9%
maxi
9%
maybe
9%
mind
9%
murder
9%
need
9%
ordered
9%
pad
9%
pissin'
9%
product
9%
rage
9%
Rappers
9%
realized
9%
rough
9%
sacrifice
9%
secret
9%
shame
9%
skill-a-holic
9%
skin
9%
sure
9%
thank
9%
thumbs
9%
'til
9%
Trash
9%
tryin'
9%
Uh
9%
wack
9%
work
9%
actually
8%
away
8%
bake
8%
barely
8%
bully
8%
color
8%
common
8%
devastating
8%
devils
8%
discrimination
8%
Even
8%
even
8%
exuberance
8%
faggots
8%
fall
8%
flippity
8%
full
8%
Full
8%
future
8%
him
8%
induct
8%
lead
8%
line
8%
match
8%
MCs
8%
Moon
8%
motivated
8%
nobody
8%
nuisance
8%
outta
8%
portal
8%
punchlines
8%
Put
8%
put
8%
Rakim
8%
Rapunzel
8%
rodent
8%
Roll
8%
stuck
8%
stunts
8%
Throw
8%
track
8%
understand
8%
vehicle
8%
walkin'
8%
White
8%
yap-yap
8%
2Pac
6%
above
6%
AK-47
6%
around
6%
asteroid
6%
ball
6%
Basically
6%
before
6%
blueprint
6%
bombs
6%
brat
6%
brutal
6%
burst
6%
dippity-hippity
6%
dooma-lumma
6%
Earth
6%
fags
6%
fight
6%
General
6%
Immediately
6%
inducted
6%
Inspired
6%
jealous
6%
keepin'
6%
lemons
6%
maintainin'
6%
meet
6%
million
6%
N.W.A.
6%
pace
6%
packin'
6%
pinch
6%
place
6%
practicin'
6%
pupil
6%
racin'
6%
reloadin'
6%
retard
6%
root
6%
Simply
6%
sound
6%
speak
6%
supposed
6%
truthful
6%
verses
6%
versus
6%
wall
6%
yackety-yack
6%
youthful
6%
.9
5%
Angels
5%
askin'
5%
cable
5%
case
5%
channel
5%
consideration
5%
Cube
5%
curtains
5%
Dale
5%
deep-throatin'
5%
doodle
5%
Earnhardt
5%
Eazy
5%
eliminate
5%
floatin'
5%
Funky
5%
futile
5%
honestly
5%
honesty
5%
kids
5%
Kneel
5%
label
5%
leagues
5%
lemonade
5%
mass-occur
5%
park
5%
patient
5%
pay
5%
piano
5%
pill
5%
planet
5%
rhymes
5%
Satan
5%
seat
5%
seven
5%
Shabazz
5%
sleep
5%
somewhere
5%
special
5%
thinkin'
5%
times
5%
tough
5%
trailer
5%
utilize
5%
vey
5%
watching
5%
witnessin'
5%
Yella
5%
Zod
5%
zombie
5%
2004
3%
24-7
3%
bought
3%
chicken
3%
Columbine
3%
combine
3%
cornrows
3%
crunch
3%
Doberman
3%
flunky
3%
gathering
3%
gay-lookin'
3%
Heavy
3%
help
3%
hip-pop
3%
homage
3%
least
3%
LP
3%
mistake
3%
Noodle
3%
overseas
3%
Oy
3%
plank
3%
poodle
3%
Ramen
3%
raygun
3%
scribble
3%
shock
3%
skills
3%
sometimes
3%
there's
3%
tongues
3%
totin'
3%
tried
3%
tugging
3%
underground
3%
vacation
3%
woken
3%
Appeal
2%
batter
2%
bitter
2%
board
2%
Boyz
2%
brung
2%
Bumpin'
2%
censor
2%
Chunky
2%
few
2%
flock
2%
handin'
2%
hatred
2%
hurtin'
2%
inadvertently
2%
looked
2%
lunchtime
2%
Mathers
2%
Morphin'
2%
occurs
2%
played
2%
pointless
2%
Prove
2%
revolver
2%
rippin'
2%
scratch
2%
situation
2%
struggling
2%
sympathetic
2%
tongue-and-cheek
2%
trip
2%
unsigned
2%
warp
2%
wheel
2%
write
2%
accolades
0%
add
0%
Fabolous
0%
fatal
0%
flamrd
0%
grind
0%
Mayweather's
0%
Monch
0%
Pharoahe
0%
Run-M.D.C.
0%
Singin'
0%
Ugh
0%
ythe
0%
Aucun quiz correspondant
Distribution des résultats
% des personnes avec chaque résultat
Percentile par nombre de réponses
Votre historique - résultats
Vous n’avez pas pris ce quiz depuis la dernière actualisation